| 000 | 00400nam a2200133Ia 4500 | ||
|---|---|---|---|
| 005 | 20260328101451.0 | ||
| 008 | 260328s9999||||xx |||||||||||||| ||und|| | ||
| 100 | _aGarrido Bianchini, María Victoria | ||
| 245 | 4 |
_aThe paper Architect : _b Fold it yourself Buildings and Structures / _cMaría Victoria Garrido Bianchini |
|
| 260 | _bPotter Craft | ||
| 300 | _a70 p. | ||
| 650 | _aMAQUETAS | ||
| 942 | _cBK | ||
| 999 |
_c8673 _d8673 |
||